| 000 | 00826nam0a22002771 4500 | ||
|---|---|---|---|
| 001 | rc\2915173 | ||
| 005 | 20250806211335.0 | ||
| 035 | _a(NLR Aleph) 007065643 | ||
| 090 |
_a50227 _c50227 |
||
| 100 | _a20110810d1943 u y0rusy50 ca | ||
| 101 | 1 |
_arus _ceng |
|
| 102 | _aRU | ||
| 105 | _ay z ||||| | ||
| 200 | 1 |
_aСекретная служба в тылу немцев (1914-1918 гг.) _eПер. с англ. |
|
| 205 | _a3-е изд. | ||
| 210 |
_aМосква _cВоениздат _d1943 |
||
| 215 |
_a84 с. _d20 см |
||
| 700 | 1 |
_aЛандау _bГ. _gГенри |
|
| 801 | 0 |
_aRU _bNLR _gpsbo |
|
| 801 | 1 |
_aRU _bELAR _2rusmarc |
|
| 852 |
_aNLR _jИ46 Г-4/2 |
||
| 852 |
_aNLR _bМф _jК1/25864 |
||
| 942 | _cBOOK | ||
| 945 | _aРоссийская национальная библиотека | ||
| 980 | _aNB | ||
| 980 | _aBV | ||